Pagsasatinig ng Pagkabata: Ang Varayti ng Wika sa mga Premyadong Kuwentong Pambata (Record no. 297168)
[ view plain ]
| 000 -LEADER | |
|---|---|
| fixed length control field | 00461nam a2200121Ia 4500 |
| 008 - FIXED-LENGTH DATA ELEMENTS--GENERAL INFORMATION | |
| fixed length control field | 160712s9999 xx 000 0 und d |
| 100 ## - MAIN ENTRY--PERSONAL NAME | |
| Personal name | Fajilan, Wennielyn F. |
| 245 ## - TITLE STATEMENT | |
| Statement of responsibility, etc | Wennielyn F. Fajilan |
| Title | Pagsasatinig ng Pagkabata: Ang Varayti ng Wika sa mga Premyadong Kuwentong Pambata |
| 260 ## - PUBLICATION, DISTRIBUTION, ETC. (IMPRINT) | |
| Date of publication, distribution, etc | 2014 |
| Name of publisher, distributor, etc | Humanities Diliman |
| 300 ## - PHYSICAL DESCRIPTION | |
| Extent | vol. 11 no. 2 |
| 650 ## - SUBJECT ADDED ENTRY--TOPICAL TERM | |
| General subdivision | HUMANITIES |
| 856 ## - ELECTRONIC LOCATION AND ACCESS | |
| Uniform Resource Identifier | <a href="http://journals.upd.edu.ph/index.php/humanitiesdiliman/issue/view/502/showToc">http://journals.upd.edu.ph/index.php/humanitiesdiliman/issue/view/502/showToc</a> |
| Withdrawn status | Lost status | Damaged status | Home library | Current library | Date acquired | Total Checkouts | Date last seen | Price effective from | Koha item type |
|---|---|---|---|---|---|---|---|---|---|
| College Library | College Library | 07/12/2016 | 07/12/2016 | 07/12/2016 | Filipiniana e-journal articles |